Techniky spojování ve výrobě kartonáže
Spájanie ako posledná operácia z hlavných technologických operácií vo výrobe lepenkových obalov. Technika zošívania obalov. Poloautomatické zošívacie stroje. Automatické zošívacie stroje. Rohové zošívanie.
Salvato in:
| Autore principale: | |
|---|---|
| Natura: | Capitolo di libro |
| Lingua: | ceco |
| Soggetti: | |
| Tags: |
Nessun Tag, puoi essere il primo ad aggiungerne!!
|
MARC
| LEADER | 00000naa a2200000 4500 | ||
|---|---|---|---|
| 001 | 0198895 | ||
| 005 | 20231211081049.2 | ||
| 041 | 0 | |a cze | |
| 044 | |a CZ | ||
| 245 | 1 | 0 | |a Techniky spojování ve výrobě kartonáže |c Miloslav Vítek |
| 520 | |a Spájanie ako posledná operácia z hlavných technologických operácií vo výrobe lepenkových obalov. Technika zošívania obalov. Poloautomatické zošívacie stroje. Automatické zošívacie stroje. Rohové zošívanie. | ||
| 610 | 2 | 0 | |a obaly |
| 610 | 2 | 0 | |a technika obalová |
| 610 | 2 | 0 | |a papier |
| 100 | 1 | |a Vítek, Miloslav | |